Phương pháp nghiên cứu địa mạo

Kaydedildi:
Detaylı Bibliyografya
Yazar: Nguyễn, Vi Dân
Materyal Türü: Kitap
Dil:Undetermined
Baskı/Yayın Bilgisi: Hà Nội Đại học Quốc gia Hà Nội 2003
Konular:
Etiketler: Etiketle
Etiket eklenmemiş, İlk siz ekleyin!
Thư viện lưu trữ: Trung tâm Học liệu Trường Đại học Cần Thơ
LEADER 00553nam a2200193Ia 4500
001 CTU_93876
008 210402s9999 xx 000 0 und d
020 |c 50400 
082 |a 551.4 
082 |b D121 
100 |a Nguyễn, Vi Dân 
245 0 |a Phương pháp nghiên cứu địa mạo 
245 0 |c Nguyễn Vi Dân 
260 |a Hà Nội 
260 |b Đại học Quốc gia Hà Nội 
260 |c 2003 
650 |a Geology, structural 
904 |i Tuyến 
980 |a Trung tâm Học liệu Trường Đại học Cần Thơ